LEADER 00772nam a2200193 i 4500 001 000000243261 003 CaOOAMICUS 005 20150626000000.0 008 150626s1899 it u000 u ita u 013 $a222166 040 $aSeMil$bita 100 1 $aSatolli, Francesco .$0(OLS)http://semarc/name/23881 245 10$aFedeltà alla Chiesa e allo Stato :$bla mente /$cdi S. E. il Card. Francesco Satolli. 260 $aMilano :$bL. F. Cogliati,$c1899. 300 $a221 p. ;$c18 cm. 850 $aSeMil 852 $aSeMil$W1$xVenegono$y1$m3E V 82 FA$j193607$B193607$CSeMilBibl$Z2$F204357 $8I 996 $6245$aFedeltà alla Chiesa e allo Stato :$bla mente$9(OLS)http://semarc/title/345050 996 $6260$aMilano :$bL. F. Cogliati$9(OLS)http://semarc/publisher/29949 LEADER 01044nam a2200229 i 4500 001 000000057192 003 CaOOAMICUS 005 20130103000000.0 008 130103s1990 it u000 u ita u 013 $a28364 040 $aSeMil$bita 100 1 $aCuomo, Alberto M.$0(OLS)http://semarc/name/17897 245 10$aNovellius :$bstoria di un comune contadino della bassa milanese /$cAlberto M. Cuomo. 260 $a[S.l. :$bs.n.],$cstampa 1990$e(Motta Visconti :$fGrafiche Tognolli,$gstampa 1990) 300 $a306 p., [11] c. di tav., [8] p. di tav. ;$c24 cm. 500 $aIn fondo al front. : proprietà letteraria riservata. - Fondo Mezzanotti. 650 4$aNoviglio.$0(OLS)http://semarc/subject/11533 850 $aSeMil 852 $aSeMil$W1$xVenegono$y1$m3P V 154$j23346$B23346$CSeMilBibl$Z2$F23348 $81 961 $aOmaggio: Mezzanotti mons. Alessandro 996 $6245$aNovellius :$bstoria di un comune contadino della bassa milanese$9(OLS)http://semarc/title/88975 996 $6260$a[S.l. :$bs.n.]$9(OLS)http://semarc/publisher/29751